000 00885nam0a22002171 4500
001 rc\3952725
005 20250610131450.0
035 _a(NLR Aleph) 007924298
090 _a8177886
_c8177886
100 _a20130415a19569999|||y0rusy50 ca
101 0 _arus
102 _aRU
105 _ay z |||||
200 1 _aСборник работ по силикозу
_eВып. 1-
_fАкад. наук СССР. Уральский филиал. Уральская комис. по борьбе с силикозом
210 _aСвердловск
_cБ. и.
_d1956-
801 0 _aRU
_bNLR
_gpsbo
801 1 _aRU
_bELAR
_2rusmarc
830 _aПеречень имеющихся в библиотеке томов, номеров, годов этого издания смотри в каталоге периодических изданий
852 _aNLR
_jП17/2
942 _cBOOK
980 _aNB